IT & Value Creation : Conference proceedings of the Ninth Pacific Asia Conference on Information Systems July 7-10, 2005, Bangkok, Thailand
Contents: Social and cultural issues of IT; IT issuesin Pacific Asia region and global IT; Knowledge management; systems development and software engineering...
Gespeichert in:
| Format: | Buch |
|---|---|
| Sprache: | Undetermined |
| Veröffentlicht: |
Hong Kong
The University of Hong Kong
2005
|
| Schlagworte: | |
| Tags: |
Tag hinzufügen
Keine Tags, Fügen Sie den ersten Tag hinzu!
|
| Thư viện lưu trữ: | Trung tâm Học liệu Trường Đại học Cần Thơ |
|---|
| LEADER | 00808nam a2200193Ia 4500 | ||
|---|---|---|---|
| 001 | CTU_190368 | ||
| 008 | 210402s9999 xx 000 0 und d | ||
| 082 | |a 005.1 | ||
| 082 | |b I.43 | ||
| 245 | 0 | |a IT & Value Creation : | |
| 245 | 0 | |b Conference proceedings of the Ninth Pacific Asia Conference on Information Systems July 7-10, 2005, Bangkok, Thailand | |
| 245 | 0 | |c Patrick Y. K. Chau ... [et al.] | |
| 260 | |a Hong Kong | ||
| 260 | |b The University of Hong Kong | ||
| 260 | |c 2005 | ||
| 520 | |a Contents: Social and cultural issues of IT; IT issuesin Pacific Asia region and global IT; Knowledge management; systems development and software engineering... | ||
| 650 | |a Software engineering,Công nghệ phần mềm | ||
| 904 | |i Giang | ||
| 980 | |a Trung tâm Học liệu Trường Đại học Cần Thơ | ||